00751 2200253 4500001002100000005001500021035002000036007000300056008004100059020002200100082001100122084001700133100002800150245009900178250001000277300003300287650001800320700002700338264004600365336002100411337003000432338002300462990001200485INLIS00000000000045520250729104046 a0010-0725000027ta250729 0 ind  a978-623-164-914-0 a155.25 a155.25 SHA r0 aShantika EbiePengarang1 aRahasia Kebahagiaan :bMenemukan kebahagiaan sejati dengan cara cara sederhana /cShantika Ebi acet 1 a192 halaman :bilus ;c19 cm 4aMotivasi Diri0 aArdhi AanePenyunting aYogyakarta :bAnak Hebat Indonesia,c2024 2rdacontentateks 2rdamediaatanpa perantara 2rdacarrieravolume a25.0384